<?xml version="1.0" encoding="UTF-8"?>
<marc:record xmlns:marc="http://www.loc.gov/MARC21/slim">
   <marc:leader>00000nam a2200000 a 4500</marc:leader>
   <marc:datafield ind1="1" ind2=" " tag="100">
      <marc:subfield code="a">Moosbrugger, Mathias</marc:subfield>
      <marc:subfield code="4">aut</marc:subfield>
      <marc:subfield code="e">Verfasser/-in</marc:subfield>
   </marc:datafield>
   <marc:datafield ind1=" " ind2=" " tag="653">
      <marc:subfield code="a">Geschichte 1300-1522</marc:subfield>
   </marc:datafield>
   <marc:datafield ind1=" " ind2=" " tag="653">
      <marc:subfield code="a">Grundherrschaft</marc:subfield>
   </marc:datafield>
   <marc:datafield ind1=" " ind2=" " tag="653">
      <marc:subfield code="a">Verfassungswirklichkeit</marc:subfield>
   </marc:datafield>
   <marc:datafield ind1=" " ind2=" " tag="653">
      <marc:subfield code="a">Softcover / Geschichte/Neuzeit bis 1918</marc:subfield>
   </marc:datafield>
   <marc:datafield ind1=" " ind2=" " tag="653">
      <marc:subfield code="a">Hochschulschrift</marc:subfield>
   </marc:datafield>
   <marc:datafield ind1="0" ind2="0" tag="245">
      <marc:subfield code="a">Der hintere Bregenzerwald - eine Bauernrepublik?</marc:subfield>
   </marc:datafield>
   <marc:datafield ind1="0" ind2="0" tag="245">
      <marc:subfield code="b">Neue Untersuchungen zu seiner Verfassungs- und Strukturgeschichte im Spätmittelalter</marc:subfield>
   </marc:datafield>
   <marc:datafield ind1="0" ind2="0" tag="245">
      <marc:subfield code="c">Mathias Moosbrugger</marc:subfield>
   </marc:datafield>
   <marc:datafield ind1=" " ind2="1" tag="264">
      <marc:subfield code="a">Konstanz</marc:subfield>
      <marc:subfield code="b">UVK Verlagsgesellschaft mbH</marc:subfield>
      <marc:subfield code="c">2009</marc:subfield>
   </marc:datafield>
   <marc:datafield ind1="1" ind2=" " tag="490">
      <marc:subfield code="a">Forschungen zur Geschichte Vorarlbergs</marc:subfield>
      <marc:subfield code="v">Bd. 9</marc:subfield>
   </marc:datafield>
   <marc:datafield ind1="1" ind2=" " tag="520">
      <marc:subfield code="a">Angaben aus der Verlagsmeldung

Der Hintere Bregenzerwald – eine Bauernrepublik? : Neue Untersuchungen zu seiner Verfassungs- und Strukturgeschichte im Spätmittelalter / von Mathias Moosbrugger

Ende des 14. Jahrhunderts lassen die Quellen im Hinteren Bregenzerwald die Existenz einer Gerichtsgemeinde erkennen, die in wichtigen Bereichen der politischen Repräsentation und Verwaltung eine bemerkenswerte Rolle spielte.

Die ältere Forschung klassifizierte sie als eine auf autonomen republikanisch-demokratischen Traditionen der Bregenzerwälder beruhende »Bauernrepublik«. Mathias Moosbrugger zeigt nun, dass die Entstehung dieses ländlichen Gemeinwesens auf einem intensiven herrschaftskommunikativen Engagement in der Region basierte und auch die Ausgestaltung seiner kommunalen Struktur vor allem im herrschaftlichen Interesse lag.
</marc:subfield>
   </marc:datafield>
   <marc:datafield ind1=" " ind2=" " tag="020">
      <marc:subfield code="a">9783867641616</marc:subfield>
      <marc:subfield code="9">9783867641616</marc:subfield>
   </marc:datafield>
   <marc:datafield ind1=" " ind2=" " tag="041">
      <marc:subfield code="a">ger</marc:subfield>
   </marc:datafield>
   <marc:datafield ind1=" " ind2=" " tag="300">
      <marc:subfield code="a">389 S.</marc:subfield>
   </marc:datafield>
</marc:record>
